<?xml version="1.0" encoding="UTF-8"?>
<record
    xmlns:xsi="http://www.w3.org/2001/XMLSchema-instance"
    xsi:schemaLocation="http://www.loc.gov/MARC21/slim http://www.loc.gov/standards/marcxml/schema/MARC21slim.xsd"
    xmlns="http://www.loc.gov/MARC21/slim">

  <leader>01363nam a22003374a 4500</leader>
  <controlfield tag="001">498</controlfield>
  <controlfield tag="003">BR-IBIA</controlfield>
  <controlfield tag="005">20260129100617.0</controlfield>
  <controlfield tag="008">141219s2013    bl     g      000 f por  </controlfield>
  <datafield tag="022" ind1=" " ind2=" ">
    <subfield code="a">9788501403285</subfield>
  </datafield>
  <datafield tag="040" ind1=" " ind2=" ">
    <subfield code="b">por</subfield>
  </datafield>
  <datafield tag="041" ind1="1" ind2=" ">
    <subfield code="a">por</subfield>
    <subfield code="h">eng</subfield>
  </datafield>
  <datafield tag="082" ind1="0" ind2="4">
    <subfield code="a">813</subfield>
    <subfield code="b">C591c</subfield>
  </datafield>
  <datafield tag="100" ind1=" " ind2=" ">
    <subfield code="a">Clare, Cassandra</subfield>
    <subfield code="d">1973-</subfield>
    <subfield code="9">1068</subfield>
  </datafield>
  <datafield tag="240" ind1="0" ind2="0">
    <subfield code="a">City of lost souls.</subfield>
  </datafield>
  <datafield tag="245" ind1="1" ind2="0">
    <subfield code="a">Cidade das almas perdidas/</subfield>
    <subfield code="c">Cassandra Clare ; tradu&#xE7;&#xE3;o de Rita Sussekind</subfield>
  </datafield>
  <datafield tag="250" ind1=" " ind2=" ">
    <subfield code="a">1. ed.-</subfield>
  </datafield>
  <datafield tag="260" ind1=" " ind2=" ">
    <subfield code="a">Rio de Janeiro:</subfield>
    <subfield code="b">Galera Record,</subfield>
    <subfield code="c">2013.</subfield>
  </datafield>
  <datafield tag="300" ind1=" " ind2=" ">
    <subfield code="a">429p. ;</subfield>
  </datafield>
  <datafield tag="500" ind1=" " ind2=" ">
    <subfield code="a">
</subfield>
  </datafield>
  <datafield tag="520" ind1=" " ind2=" ">
    <subfield code="a">A guerra acabou e Ca&#xE7;adores de Sombras e integrantes do submundo parecem estar em paz. Clary est&#xE1; de volta a Nova York, treinando para usar seus poderes. Tudo parece bem, mas algu&#xE9;m est&#xE1; assassinando Ca&#xE7;adores e reacendendo as tens&#xF5;es entre os dois grupos, o que pode gerar uma segunda guerra sangrenta. Quando Jace come&#xE7;a a se afastar sem nenhuma explica&#xE7;&#xE3;o, Clary come&#xE7;a a desvendar um mist&#xE9;rio que se tornar&#xE1; seu pior pesadelo.
</subfield>
  </datafield>
  <datafield tag="650" ind1="0" ind2="0">
    <subfield code="a">Literatura Americana</subfield>
    <subfield code="9">84</subfield>
  </datafield>
  <datafield tag="650" ind1="0" ind2="0">
    <subfield code="a">Romance juvenil</subfield>
    <subfield code="9">981</subfield>
  </datafield>
  <datafield tag="650" ind1="0" ind2="0">
    <subfield code="a">Magia</subfield>
    <subfield code="9">785</subfield>
  </datafield>
  <datafield tag="650" ind1="0" ind2="0">
    <subfield code="a">Conflito entre bem e mal</subfield>
    <subfield code="9">1069</subfield>
  </datafield>
  <datafield tag="655" ind1=" " ind2=" ">
    <subfield code="a">Romance</subfield>
    <subfield code="9">23</subfield>
  </datafield>
  <datafield tag="655" ind1=" " ind2=" ">
    <subfield code="a">Fic&#xE7;&#xE3;o</subfield>
    <subfield code="9">22</subfield>
  </datafield>
  <datafield tag="700" ind1=" " ind2=" ">
    <subfield code="a">S&#xFC;ssekind, Rita Lagoeiro</subfield>
    <subfield code="9">1070</subfield>
  </datafield>
  <datafield tag="830" ind1=" " ind2=" ">
    <subfield code="a">Os instrumentos mortais;</subfield>
    <subfield code="v">v.5</subfield>
    <subfield code="9">1071</subfield>
  </datafield>
  <datafield tag="942" ind1=" " ind2=" ">
    <subfield code="2">ddc</subfield>
    <subfield code="n">0</subfield>
    <subfield code="c">BK</subfield>
  </datafield>
  <datafield tag="952" ind1=" " ind2=" ">
    <subfield code="0">0</subfield>
    <subfield code="1">0</subfield>
    <subfield code="2">ddc</subfield>
    <subfield code="4">0</subfield>
    <subfield code="7">0</subfield>
    <subfield code="8">FIC</subfield>
    <subfield code="a">BIBIB</subfield>
    <subfield code="b">BIBIB</subfield>
    <subfield code="c">LE</subfield>
    <subfield code="d">2026-01-29</subfield>
    <subfield code="e">doa&#xE7;&#xE3;o</subfield>
    <subfield code="l">0</subfield>
    <subfield code="o">813 / C591c</subfield>
    <subfield code="p">2026-17432</subfield>
    <subfield code="r">2026-01-29 09:13:30</subfield>
    <subfield code="w">2026-01-29</subfield>
    <subfield code="y">BK</subfield>
  </datafield>
  <datafield tag="999" ind1=" " ind2=" ">
    <subfield code="c">498</subfield>
    <subfield code="d">498</subfield>
  </datafield>
</record>
